Potencialidad y Calidad Química de las Aguas Subterráneas de la Cuenca León-La Paz Centro-Nagarote para Fines de Riego
Este estudio se refiere a la potencialidad de los acuíferos en la cuenca León, La Paz centro Nagarote a efectos de determinar zonas de explotación futura agrícola y agropecuaria, calidad físico-química del agua subterránea en el área para fines de riego, inventario de objetos hidrogeológico...
| Main Authors: | , |
|---|---|
| Other Authors: | |
| Format: | Tesis Section = Libro |
| Language: | Undetermined Spanish |
| Published: |
Managua
UNI
1997
|
| Subjects: |
| LEADER | 01507nam a2200241Ia 4500 | ||
|---|---|---|---|
| 008 | 240830s9999 xx 000 0 und d | ||
| 040 | |a BIBLIOTECA-RUPAP MON 627.17 S479 | ||
| 041 | |a spa | ||
| 082 | |a MON 627.17 S479 | ||
| 100 | 1 | |a Sequeira Bravo, Elda Aracely | |
| 100 | 1 | |b Urbina Chávez, Ana Gabriela | |
| 245 | 1 | 0 | |a Potencialidad y Calidad Química de las Aguas Subterráneas de la Cuenca León-La Paz Centro-Nagarote para Fines de Riego |
| 260 | |a Managua |b UNI |c 1997 | ||
| 300 | |a 170 p. :il. | ||
| 500 | |a Contiene: gráficos, mapas y tablas. | ||
| 502 | |a Tesis (Ingeniero Agrícola)- UNI, 1997. | ||
| 520 | 3 | |a Este estudio se refiere a la potencialidad de los acuíferos en la cuenca León, La Paz centro Nagarote a efectos de determinar zonas de explotación futura agrícola y agropecuaria, calidad físico-química del agua subterránea en el área para fines de riego, inventario de objetos hidrogeológicos en campo y en casas perforadoras, la evolución de la superficie piezométrico, profundidad y movimiento del agua subterránea, características litroestra-tigráficas e hidráulicas de los acuíferos, evolución hidrogeoquímica por contaminación antropogénica y natural del agua subterránea, disponibilidad y explotación del agua subterránea | |
| 650 | 7 | |a AGUAS SUBTERRANEAS | |
| 650 | 7 | |b HIDROGEOLOGIA - CUENCA LEON - LA PAZ CENTRO - NAGAROTE | |
| 700 | 1 | |a Tutor: |b Castillo Hernández, Enoc Seth | |
| 942 | |c BK |2 ddc | ||
| 991 | |a TESIS | ||
| 999 | |c 16193 | ||